00716nam a22002297a 450000500170000001000150001702000260003203500140005803700090007208200060008110000270008724500350011425000100014926000300015927000320018930000200022170000340024170000370027594200200031299900190033295201350035120241022123251.0 aENG-142239 a9789393384737c199.00 aEN-125771 bDBAD aS aPrakash, Pankaj973145 aThe Coffee/cby Pankaj Prakash aFirst bBluerose Publishersc2023 minfo@bluerosepublishers.com a117p.c20cm(pb) aRamasamy, Praveenkumar973141 aShanmugasundaram, Sowmika973142 2ddccENhSmPRA c206566d206566 001040708FICaBNbBNd2024-10-22eDBADg199.00l5oS PRApEN-125771r2026-05-04 11:30:32s2026-04-22t1v199.00w2024-10-22yEN